000 00458nam a2200181Ia 4500
001 8440
005 20260306160609.0
008 260306t2015||||xx |||||||||||||| ||spa||
041 _aESP
082 _a371.007
_bE394
100 _aMinisterio de educación
_eAUT
245 0 _aEvidencia para una política de inversión en el talento
260 _c2015
300 _a358 páginas :
_c24 cm.
650 _aGEN
654 _aCED
942 _cLIB
_dJUS
_fJUS
_2ddc
_n
999 _c8440
_d8440